Why should the Chinese go? (Record no. 14391)
[ view plain ]
| 000 -LEADER | |
|---|---|
| fixed length control field | 00916cam a22002531 4500 |
| 001 - CONTROL NUMBER | |
| control field | ca 10004960 |
| 003 - CONTROL NUMBER IDENTIFIER | |
| control field | DLC |
| 005 - DATE AND TIME OF LATEST TRANSACTION | |
| control field | 20260227111054.0 |
| 007 - PHYSICAL DESCRIPTION FIXED FIELD--GENERAL INFORMATION | |
| fixed length control field | cr ||||||||||| |
| 008 - FIXED-LENGTH DATA ELEMENTS--GENERAL INFORMATION | |
| fixed length control field | 830630s1878 cau 000 0 eng |
| 010 ## - LIBRARY OF CONGRESS CONTROL NUMBER | |
| LC control number | ca 10004960 |
| 040 ## - CATALOGING SOURCE | |
| Original cataloging agency | DLC |
| Transcribing agency | CarP |
| Modifying agency | DLC |
| 050 00 - LIBRARY OF CONGRESS CALL NUMBER | |
| Classification number | E184.C5 |
| Item number | D3 |
| 051 ## - LIBRARY OF CONGRESS COPY, ISSUE, OFFPRINT STATEMENT | |
| Classification number | YA 24042 |
| 100 1# - MAIN ENTRY--PERSONAL NAME | |
| Personal name | Del Mar, Alexander, |
| Dates associated with a name | 1836-1926. |
| 245 10 - TITLE STATEMENT | |
| Title | Why should the Chinese go? |
| Remainder of title | A pertinent inquiry from a mandarin high in authority. |
| Statement of responsibility, etc. | By Kwang Chang Ling [pseud.] |
| 260 ## - PUBLICATION, DISTRIBUTION, ETC. | |
| Place of publication, distribution, etc. | San Francisco, |
| Name of publisher, distributor, etc. | Bruce's book & job printing house, |
| Date of publication, distribution, etc. | 1878. |
| 300 ## - PHYSICAL DESCRIPTION | |
| Extent | 16 p. |
| Dimensions | 19 cm. |
| 530 ## - ADDITIONAL PHYSICAL FORM AVAILABLE NOTE | |
| Additional physical form available note | Also available in digital form on the Library of Congress Web site. |
| 500 ## - GENERAL NOTE | |
| General note | From the columns of the Argonaut newspaper. |
| 650 #0 - SUBJECT ADDED ENTRY--TOPICAL TERM | |
| Topical term or geographic name entry element | Chinese |
| Geographic subdivision | California. |
| 710 2# - ADDED ENTRY--CORPORATE NAME | |
| Corporate name or jurisdiction name as entry element | YA Pamphlet Collection (Library of Congress) |
| Institution to which field applies | DLC |
| 856 41 - ELECTRONIC LOCATION AND ACCESS | |
| Path | mtfgc |
| Electronic name | 2059 |
| Electronic format type | o |
| Uniform Resource Identifier | <a href="http://hdl.loc.gov/loc.gdc/mtfgc.2059">http://hdl.loc.gov/loc.gdc/mtfgc.2059</a> |
No items available.